| 000 | 00959nam a22002295i 4500 | ||
|---|---|---|---|
| 001 | 168736 | ||
| 003 | ES-MaACL | ||
| 005 | 20230906213855.0 | ||
| 008 | 080528s1882 xxu |||| | eng d | ||
| 080 | _a75.021.322(064.3) | ||
| 080 | _a75.035(064.3) | ||
| 245 | 0 | 3 |
_aAn extraordinary collection of water color paintings, comprising overthree hundred examples of the french, spanish.... selected ... W.M. H. Fanning _b: the entire collection to be sold,... on wednesday, thursday and friday evenings march 22d, 23d and 24th. |
| 260 |
_a[New York : _bs.n., _c1882] |
||
| 300 |
_a48 p. ; _c21 cm. |
||
| 500 | _aPrecede al tít:: Now on free exhibition, at Kirby & Co.'S art galleries, 845 and 847 Broadway. | ||
| 650 | 1 | 4 |
_aAcuarela- _yS.XIX- _vExposiciones. _9137817 |
| 655 | 7 |
_2tgfbne _9193628 _aCatálogos de exposiciones |
|
| 700 | 1 |
_aFanning, WM. H. _9137818 |
|
| 852 |
_aES-MaACL _jT-894-F-12 |
||
| 942 | _2udc | ||
| 999 |
_c168736 _d168736 |
||